Southville International School and Colleges
Your cart is empty.
  • Cart
  • Lists
    Public lists Eva Luna New books Lux_list list_1
    Your lists Log in to create your own lists
  • Log in to your account
  • Your cookies
  • Search history
Southville International School and Colleges
  • Advanced search
  • Recent comments
  • Most popular
  • Libraries

Log in to your account

Log in with GOOGLE


If you do not have an external account, but do have a local account, you can still log in:

  1. Home
  2. MARC view: PDQ services (pretty damn quick services)
Normal view MARC view ISBD view

PDQ services (pretty damn quick services) (Record no. 367079)

[ view plain ]
MARC details
000 -LEADER
fixed length control field 00755nam a22002177a 4500
003 - CONTROL NUMBER IDENTIFIER
control field 0
005 - DATE AND TIME OF LATEST TRANSACTION
control field 20250127165802.0
008 - FIXED-LENGTH DATA ELEMENTS--GENERAL INFORMATION
fixed length control field 250127b xxu||||| |||| 00| 0 eng d
050 ## - LIBRARY OF CONGRESS CALL NUMBER
Classification number HD 9999
Item number .D46 2019
100 ## - MAIN ENTRY--PERSONAL NAME
Personal name Deona, Ryx Brandice
245 ## - TITLE STATEMENT
Title PDQ services (pretty damn quick services)
Statement of responsibility, etc Ryx Brandice Deona and two others
260 ## - PUBLICATION, DISTRIBUTION, ETC. (IMPRINT)
Place of publication, distribution, etc Las Pinas City
Name of publisher, distributor, etc Southville International School and Colleges
Date of publication, distribution, etc 2019
300 ## - PHYSICAL DESCRIPTION
Extent 48 pages ;
Dimensions 28cm.
500 ## - GENERAL NOTE
General note Entrepreneurship
504 ## - BIBLIOGRAPHY, ETC. NOTE
Bibliography, etc Includes bibliographical references and index. <br/>
650 ## - SUBJECT ADDED ENTRY--TOPICAL TERM
Topical term or geographic name as entry element Delivery of goods—On-demand services.
650 ## - SUBJECT ADDED ENTRY--TOPICAL TERM
Topical term or geographic name as entry element Logistics—Business models.
650 ## - SUBJECT ADDED ENTRY--TOPICAL TERM
Topical term or geographic name as entry element Courier services—Management.
650 ## - SUBJECT ADDED ENTRY--TOPICAL TERM
Topical term or geographic name as entry element Service industries—Innovation.
942 ## - ADDED ENTRY ELEMENTS (KOHA)
Source of classification or shelving scheme Library of Congress Classification
Koha item type Theses
Holdings
Withdrawn status Lost status Source of classification or shelving scheme Damaged status Home library Current library Shelving location Date acquired Source of acquisition Sub Shelving location Total Checkouts Full call number Barcode Date last seen Price effective from Koha item type
    Library of Congress Classification   College Library College Library Theses Section 01/27/2025 Donation     HD 9999 .D46 2019 T1296 01/27/2025 01/27/2025 Theses

PDQ services (pretty damn quick services)

APA

Deona R. B., . (2019). PDQ services (pretty damn quick services). Las Pinas City: Southville International School and Colleges.

Chicago

Deona Ryx Brandice, . 2019. PDQ services (pretty damn quick services). Las Pinas City: Southville International School and Colleges.

Harvard

Deona R. B., . (2019). PDQ services (pretty damn quick services). Las Pinas City: Southville International School and Colleges.

MLA

Deona Ryx Brandice, . PDQ services (pretty damn quick services). Las Pinas City: Southville International School and Colleges. 2019.

  • Print
  • Cite
  • Add to your cart (remove)
  • Save record
    BIBTEX Dublin Core MARCXML MARC (non-Unicode/MARC-8) MARC (Unicode/UTF-8) MARC (Unicode/UTF-8, Standard) MODS (XML) RIS
  • More searches
    Search for this title in:
    Other Libraries (WorldCat) Other Databases (Google Scholar) Online Stores (Bookfinder.com) Open Library (openlibrary.org)

Exporting to Dublin Core...

SOUTHVILLE LIBRARY

Southville International School and Colleges Library

1281 Tropical Ave. Cor. Luxembourg St., BF Homes International, Las Pinas City

Tel. No. 8256374 / 252358 Loc. 117/146

Powered by Koha